| 000 -LEADER |
| fixed length control field |
00762nam a22001577a 4500 |
| 003 - CONTROL NUMBER IDENTIFIER |
| control field |
OSt |
| 005 - DATE AND TIME OF LATEST TRANSACTION |
| control field |
20160324154116.0 |
| 008 - FIXED-LENGTH DATA ELEMENTS--GENERAL INFORMATION |
| fixed length control field |
160324b xxu||||| |||| 00| 0 eng d |
| 040 ## - CATALOGING SOURCE |
| Transcribing agency |
RUA |
| 082 ## - DEWEY DECIMAL CLASSIFICATION NUMBER |
| Classification number |
ATM CHH 2004 B473 Or.1 |
| 100 ## - MAIN ENTRY--PERSONAL NAME |
| 9 (RLIN) |
8200 |
| Personal name |
CHHOUN SOPHARY, ឈួន សុផារី |
| 245 ## - TITLE STATEMENT |
| Title |
ការសិក្សាស្វែងយល់ពីសក្តានុពលក្នុងការរៀបចំសហគមន៍ព្រៃឈើស៊ិញកឹក ភូមិ ជ្រាប់ថ្មី ឃុំ ជប់រ៉ារី ស្រុកព្រះនេត្រព្រះ ខេត្តបន្ទាយមានជ័យ |
| 260 ## - PUBLICATION, DISTRIBUTION, ETC. (IMPRINT) |
| Place of publication, distribution, etc. |
Phnom Penh |
| Name of publisher, distributor, etc. |
RUA |
| Date of publication, distribution, etc. |
2004 |
| 300 ## - PHYSICAL DESCRIPTION |
| Extent |
ii; 24p. |
| Other physical details |
ill. |
| Dimensions |
29cm. |
| 942 ## - ADDED ENTRY ELEMENTS (KOHA) |
| Source of classification or shelving scheme |
|
| Koha item type |
ATM |